Red Sox Players with 50+ Games Played Since 2004 - Statistics

General Stats
  • This quiz has been taken 54 times
  • The average score is 50 of 124
Answer Stats
Games Played Position Answer % Correct
1825 DH David Ortiz
100%
794 OF Mookie Betts
100%
980 3B Rafael Devers
100%
1503 2B Dustin Pedroia
97%
1264 SS Xander Bogaerts
95%
637 DH J.D. Martinez
92%
183 INF Victor Martinez
92%
964 OF Jackie Bradley Jr.
86%
353 OF Jarren Duran
86%
851 C Jason Varitek
86%
667 OF Manny Ramirez
86%
429 1B Hanley Ramirez
84%
615 UTL Brock Holt
81%
698 C Christian Vazquez
81%
485 OF Andrew Benintendi
78%
715 OF Jacoby Ellsbury
76%
222 1B Triston Casas
76%
953 INF Kevin Youkilis
70%
163 INF Trevor Story
70%
282 1B Adrian Gonzalez
68%
285 C Connor Wong
68%
358 C Sandy Leon
68%
355 C Jarrod Saltalamacchia
65%
606 OF J.D. Drew
65%
284 1B Kevin Millar
65%
386 1B Mitch Moreland
65%
185 OF Shane Victorino
65%
163 SS Stephen Drew
65%
155 SS Alex Gonzalez
62%
493 OF Alex Verdugo
62%
180 UTL Ceddanne Rafaela
62%
298 OF Johnny Damon
62%
77 UTL Marwin Gonzalez
62%
356 1B Mike Napoli
62%
89 UTL Romy Gonzalez
62%
260 3B Bill Mueller
59%
225 INF Eduardo Nunez
59%
194 OF Jonny Gomes
59%
612 3B Mike Lowell
59%
232 3B Will Middlebrooks
59%
79 1B Steve Pearce
57%
154 3B Adrian Beltre
54%
313 OF Kike Hernandez
54%
122 INF Marco Hernandez
54%
286 OF Trot Nixon
54%
200 OF Jason Bay
51%
331 1B Bobby Dalbec
49%
368 OF Coco Crisp
49%
160 OF Wilyer Abreu
49%
203 UTL Blake Swihart
46%
161 OF Carl Crawford
46%
130 OF Cody Ross
46%
94 C David Ross
46%
158 3B Pablo Sandoval
46%
84 1B Dominic Smith
43%
248 OF Masataka Yoshida
43%
424 OF Daniel Nava
41%
96 INF Pokey Reese
41%
113 INF David Hamilton
38%
144 OF Hunter Renfroe
38%
266 SS Julio Lugo
38%
58 SS Orlando Cabrera
38%
121 SS Jose Iglesias
35%
223 INF Mark Bellhorn
35%
245 3B Travis Shaw
35%
301 INF Alex Cora
32%
216 C Doug Mirabelli
32%
168 1B Michael Chavis
32%
239 OF Rob Refsnyder
32%
125 INF Enmanuel Valdez
30%
148 C Kevin Plawecki
30%
72 C A.J. Pierzynski
27%
128 OF Mike Carp
27%
99 OF Rusney Castillo
27%
113 OF Tyler O'Neill
27%
153 SS Edgar Renteria
24%
174 SS Mike Aviles
24%
161 C Reese McGuire
24%
92 OF Adam Duvall
22%
224 UTL Christian Arroyo
22%
234 OF Darnell McDonald
22%
263 SS Marco Scutaro
22%
85 INF Pablo Reyes
22%
89 C Ryan Hanigan
22%
101 INF Tzu-Wei Lin
22%
51 OF Yoenis Cespedes
22%
166 OF Chris Young
19%
244 OF Gabe Kapler
19%
65 UTL Allen Craig
16%
103 SS Nick Green
16%
104 INF Pedro Ciriaco
16%
155 2B Mark Loretta
14%
81 OF Mike Cameron
14%
97 C Ryan Lavarnway
14%
63 OF Ryan Sweeney
14%
111 1B Sam Travis
14%
157 OF Wily Mo Pena
14%
109 INF Deven Marrero
11%
132 OF Franchy Cordero
11%
52 OF Grady Sizemore
11%
104 INF Josh Rutledge
11%
146 DH Justin Turner
11%
102 C Kevin Cash
11%
89 OF Ryan Kalish
11%
119 UTL Bill Hall
8%
256 INF Jed Lowrie
8%
59 2B Jonathan Arauz
8%
143 OF Josh Reddick
8%
57 C Kelly Shoppach
8%
65 INF Nick Punto
8%
51 2B Tony Graffanino
8%
50 INF Yu Chang
8%
60 OF Alejandro De Aza
5%
102 1B Dave McCarty
5%
55 OF Jay Payton
5%
63 OF Scott Podsednik
5%
69 1B Sean Casey
5%
115 UTL Eric Hinske
3%
53 UTL Jeff Bailey
3%
52 OF Jeremy Hermida
3%
87 1B John Olerud
3%
52 UTL Cesar Crespo
0%
62 OF Rocco Baldelli
0%
53 OF Tommy Pham
0%
No matching quizzes found
Score Distribution
Percent of People with Each Score
Percentile by Number Answered
Your Score History
You have not taken this quiz